| 000 | 00513nam a2200217Ia 4500 | ||
|---|---|---|---|
| 003 | OSt | ||
| 005 | 20231123162113.0 | ||
| 008 | 210210b1938 xxu||||| |||| 00| 0 eng d | ||
| 040 | _cAL | ||
| 041 | _aeng | ||
| 082 | _a580/316 | ||
| 100 |
_aWEAVER _9143219 |
||
| 245 | _aPlant ecology | ||
| 260 |
_aNew York _bMcGraw-Hill Book Company Inc. _c1938 |
||
| 650 |
_aPlant _9143220 |
||
| 650 |
_aecology _9143221 |
||
| 690 |
_aBotany _9143222 |
||
| 700 |
_aCLEMENTS _9143223 |
||
| 906 | _a010566 | ||
| 942 |
_2ddc _cBK |
||
| 999 |
_c138334 _d138334 |
||